• 首页
  • 本馆介绍
  • 公告通知
  • 最新文献
  • 馆藏检索
  • 电子资源
  • 读者导购
  • 参考咨询
  • 我的图书馆
  • 登录
  • 详细信息显示
  • 放入我的书架
  • 预约/预借图书
  • 作者相关作品
  • 分类相关作品
  • 丛书相关作品
  • 出版社相关作品

书目信息

  • 表格格式
  • 工作单格式
  • 卡片格式
题名:
钛冶金学
    
 
作者: 马慧娟 主编
分册:  
出版信息: 北京   冶金工业出版社  1982
页数: 238页
开本: 21cm
丛书名:
单 册:
中图分类: TF823
科图分类:
主题词: 钛-有色金属冶金--高等学校--教材 , 有色金属冶金-钛--高等学校--教材
电子资源:
ISBN:
000 00699nam0 2200265 45
001 0182010999
005 20060809173549.03
010    @dCNY0.99
091    @a15062.3790
100    @a19950630d1982 em y0chiy0121 ea
101 0  @achi
102    @aCN@b110000
105    @ay z 000yy
200 10 @a钛冶金学@Atai ye jin xue@f马慧娟主编
210    @a北京@c冶金工业出版社@d1982
215    @a238页@d21cm
300    @a限国内发行
300    @a高等学校教学用书
606    @a钛-有色金属冶金@x高等学校@x教材
606    @a有色金属冶金-钛@x高等学校@x教材
690    @aTF823@v3
701  0 @a马慧娟@Ama hui juan@4主编
801  2 @aCN@bNLC@c20060809
801  0 @aCN@bTSSF
905    @a10447@dTF823@e18
    
    钛冶金学/马慧娟主编.-北京:冶金工业出版社,1982
    238页;21cm
    限国内发行.-高等学校教学用书
    
    ISBN :CNY0.99
    
●
相关链接 在E读中查询图书 在五车中查询图书 在当当中查询图书 在豆瓣中查询图书


正题名:钛冶金学     索取号:TF823/18         预约/预借

序号 登录号 条形码 馆藏地/架位号 状态 备注
1 0451997   204519976   第二样本阅览室/ [索取号:TF823/18] 在馆    
唐山师范学院图书馆 欢迎您!
大连网信软件有限公司© 版权所有